Commonest Country Words Quiz Stats

 Plays Quiz Updated Nov 30, 2017

Challenge
Share
Tweet
Embed
Score 0/17 Timer 03:00
16 Plays Today
# of countries Word % Correct
127Republic
87.6%
5United
84.3%
149Of
83.2%
12The
82.4%
11State(s)
75.8%
9Democratic
65.3%
17Kingdom
63.9%
7And
52.9%
6People's
45.9%
# of countries Word % Correct
3Islands
32.4%
5Arab
23.6%
3Saint
23.5%
4Guinea
22.9%
4Federal
16.8%
3Commonwealth
16.2%
4Islamic
14.3%
3Principality
8.6%

You're not logged in!

Compare scores with friends on all Sporcle quizzes.
OR
Log In

You Might Also Like...

Show Comments

Extras

Top Quizzes Today


Score Distribution

Your Account Isn't Verified!

In order to create a playlist on Sporcle, you need to verify the email address you used during registration. Go to your Sporcle Settings to finish the process.

Report this User

Report this user for behavior that violates our Community Guidelines.

Details: